[Event "Spanish Championship"]
[Site "Las Palmas Gran Canaria"]
[Date "2017.10.07"]
[Round "9"]
[White "Garcia Blanco, Omar"]
[Black "Alvarado Diaz, Alejandro"]
[Result "1/2-1/2"]
[WhiteTitle "FM"]
[BlackTitle "IM"]
[WhiteElo "2241"]
[BlackElo "2407"]
[Board "13"]
[WhiteCountry "ESP"]
[WhiteFideId "2287153"]
[WhiteEloChange "4"]
[BlackCountry "ESP"]
[BlackFideId "2276119"]
[BlackEloChange "-2"]

1. e4 e5 2. Nf3 Nc6 3. Bc4 Bc5 4. d3 Nf6 5. O-O O-O 6. Bb3 d6 7. c3 h6 8.
Nbd2 a6 9. h3 Ba7 10. Re1 Ne7 11. Nf1 Ng6 12. Ng3 c6 13. Be3 Be6 14. Bxe6
fxe6 15. Nh2 Qe8 16. Ng4 Nxg4 17. Qxg4 Nf4 18. Bxa7 Rxa7 19. Re3 Qg6 20.
Qxg6 Nxg6 21. d4 exd4 22. cxd4 Raa8 23. f3 Rae8 24. Ne2 Re7 25. Nc3 Kf7 26.
Rd1 Ke8 27. Rd2 Rff7 28. Kf2 Kd8 29. g3 Nf8 30. Kg2 Kc7 31. Rc2 Kd8 32. Rd2
Kc7 1/2-1/2

[Event "Spanish Championship"]
[Site "Las Palmas Gran Canaria"]
[Date "2017.10.07"]
[Round "9"]
[White "Garcia Romero, Benjamin Abel"]
[Black "Moreno Ruiz, Javier"]
[Result "1/2-1/2"]
[BlackTitle "IM"]
[WhiteElo "2239"]
[BlackElo "2464"]
[Board "14"]
[WhiteCountry "ESP"]
[WhiteFideId "2221926"]
[WhiteEloChange "6"]
[BlackCountry "ESP"]
[BlackFideId "2203146"]
[BlackEloChange "-3"]

1. e4 e6 2. d4 d5 3. Nd2 Be7 4. Ngf3 Nf6 5. Bd3 c5 6. dxc5 dxe4 7. Nxe4
Nxe4 8. Bxe4 Qxd1+ 9. Kxd1 Bxc5 10. Ke2 Nd7 11. Be3 Bxe3 12. Kxe3 Nc5 13.
Nd2 Nxe4 14. Nxe4 Ke7 15. c4 Bd7 16. Rac1 Rhd8 17. f3 Bc6 18. Nc3 g5 19. b4
a6 20. Rc2 Rg8 21. a4 h5 22. Rd1 Rac8 23. c5 f5 24. Rd6 h4 25. b5 axb5 26.
axb5 Be8 27. Kd4 Bf7 28. Na4 Ra8 29. Nb6 Ra3 30. Rd7+ Kf6 31. c6 bxc6 32.
bxc6 e5+ 33. Kc5 Be6 34. Rd6 Ke7 35. Rxe6+ Kxe6 36. c7 h3 37. g3 Rxf3 38.
Kb4 Rd3 39. c8=Q+ Rxc8 40. Nxc8 g4 41. Nb6 f4 42. gxf4 exf4 43. Kc4 Rd1 44.
Re2+ Kf5 45. Nd5 g3 46. hxg3 Rc1+ 47. Kd4 Rd1+ 48. Kc4 Rc1+ 49. Kd4 fxg3
50. Re5+ Kg4 51. Nf6+ Kf3 52. Re3+ Kg2 53. Ne4 h2 54. Rxg3+ Kf1 55. Rf3+
Kg2 56. Rg3+ Kf1 57. Rh3 Kg2 58. Rg3+ Kf1 59. Ke5 1/2-1/2

[Event "Spanish Championship"]
[Site "Las Palmas Gran Canaria"]
[Date "2017.10.07"]
[Round "9"]
[White "Suarez Uriel, Adrian"]
[Black "Serarols Mabras, Bernat"]
[Result "0-1"]
[WhiteTitle "FM"]
[BlackTitle "FM"]
[WhiteElo "2406"]
[BlackElo "2218"]
[Board "15"]
[WhiteCountry "ESP"]
[WhiteFideId "22230874"]
[WhiteEloChange "-7"]
[BlackCountry "ESP"]
[BlackFideId "2238276"]
[BlackEloChange "15"]

1. Nf3 d5 2. g3 Nf6 3. Bg2 c5 4. O-O e6 5. d3 Nc6 6. Nbd2 Be7 7. Re1 O-O 8.
e4 Qc7 9. e5 Nd7 10. Qe2 b5 11. h4 a5 12. Nf1 Ba6 13. Bf4 Rfc8 14. Ne3 Qd8
15. Ng4 b4 16. Bg5 c4 17. Qe3 cxd3 18. cxd3 Qb6 19. d4 Qd8 20. Rad1 Nb6 21.
Qf4 Nc4 22. Bh6 Nxb2 23. Bxg7 Kxg7 24. Qh6+ Kh8 25. Rb1 Na4 26. Nf6 Bxf6
27. exf6 Qf8 28. Qh5 Bd3 29. Ng5 Bg6 30. Qg4 Nc3 31. Rb2 Ra7 32. h5 Bf5 33.
Qf4 h6 34. Nf3 Bh7 35. Nh4 Nd8 36. Kh2 Rac7 37. Bf3 Ne4 38. Bxe4 dxe4 39.
Ree2 Nb7 40. Rbd2 Rd7 41. f3 e3 42. Qxe3 Nd6 43. Qf4 Nc4 44. Rd1 Rcd8 45.
Qc1 Rxd4 46. Rxd4 Rxd4 47. f4 Be4 48. Qe1 Nd6 49. Qa1 Rd5 50. g4 Qg8 51.
Qg1 a4 52. Qg3 Rd1 53. Nf3 Qa8 54. Ne1 Qd5 55. f5 Rd2 56. Rxd2 Qxd2+ 57.
Kh3 Nxf5 58. Nf3 Bxf3 59. gxf5 Qg2+ 0-1

[Event "Spanish Championship"]
[Site "Las Palmas Gran Canaria"]
[Date "2017.10.07"]
[Round "9"]
[White "Gomez Dieguez, David"]
[Black "Vega Gutierrez, Sabrina"]
[Result "0-1"]
[BlackTitle "IM"]
[WhiteElo "2207"]
[BlackElo "2373"]
[Board "16"]
[WhiteCountry "ESP"]
[WhiteFideId "22223630"]
[WhiteEloChange "-6"]
[BlackCountry "ESP"]
[BlackFideId "2219026"]
[BlackEloChange "6"]

1. e4 c5 2. Nf3 e6 3. Nc3 a6 4. d4 cxd4 5. Nxd4 Nc6 6. g3 d6 7. Bg2 Bd7 8.
O-O Nf6 9. a4 Be7 10. Nce2 Rc8 11. b3 O-O 12. c4 Qc7 13. h3 Rfd8 14. Be3
Be8 15. Nc3 Nxd4 16. Bxd4 Nd7 17. Qe2 Bf6 18. Rfd1 Bxd4 19. Rxd4 Qb6 20.
Qd1 Nc5 21. Rb1 a5 22. Kh2 g6 23. f4 Bc6 24. f5 Qb4 25. Na2 Qa3 26. Nc3 Qb4
27. Qc2 Na6 28. Qd2 Qc5 29. Rf1 Qe5 30. f6 Kh8 31. Nd5 Nc5 32. Ne7 Ra8 33.
Qh6 Rg8 34. Nxg8 Rxg8 35. Qe3 Nxb3 36. Rd3 Nc5 37. Rd2 Bxa4 38. Qd4 Bc6 39.
Qxe5 dxe5 40. Rfd1 Nb3 41. Rd8 Nd4 42. Rxg8+ Kxg8 43. g4 a4 44. Rd3 g5 45.
Kg3 h6 46. h4 Kh7 47. h5 Nb3 48. Bf3 Nc5 49. Ra3 Kg8 50. Kf2 Bxe4 51. Bxe4
Nxe4+ 52. Ke3 Nxf6 53. Rxa4 Nxg4+ 54. Ke2 e4 55. c5 f5 56. Rb4 Kf8 57. Rxb7
Ke8 58. c6 Kd8 59. Rd7+ Kc8 60. Re7 e5 61. Kd2 f4 62. Kc3 e3 63. Kd3 f3 64.
Rf7 f2 65. Kc4 e2 66. Kc5 f1=Q 0-1

[Event "Spanish Championship"]
[Site "Las Palmas Gran Canaria"]
[Date "2017.10.07"]
[Round "9"]
[White "Gil Quilez, David"]
[Black "Tejedor Fuente, Enrique"]
[Result "1/2-1/2"]
[BlackTitle "FM"]
[WhiteElo "2197"]
[BlackElo "2368"]
[Board "17"]
[WhiteCountry "ESP"]
[WhiteFideId "2281406"]
[WhiteEloChange "5"]
[BlackCountry "ESP"]
[BlackFideId "2299100"]
[BlackEloChange "-5"]

1. e4 c5 2. Nf3 e6 3. d4 cxd4 4. Nxd4 a6 5. Nc3 Qc7 6. Be2 b5 7. Bf3 Bb7 8.
O-O Nc6 9. Nxc6 dxc6 10. Re1 e5 11. Be3 Nf6 12. Qd3 Be7 13. Rad1 Bc8 14.
Bg5 Be6 15. Bxf6 Bxf6 16. a4 O-O 17. h3 Rfd8 18. Qe3 b4 19. Ne2 Qa5 20. b3
Be7 21. Ng3 g6 22. Rxd8+ Rxd8 23. Rd1 Rxd1+ 24. Bxd1 Bc5 25. Qd2 h5 26. Be2
Qb6 27. Bd3 a5 28. Nf1 Qd8 29. Bc4 Bd7 30. Ne3 Qe7 31. Bf1 Bd4 32. Nc4 Qc5
33. Bd3 Kg7 34. Qe2 Qa7 35. Qd2 Qc7 36. Qe2 Be6 37. Qf3 f6 38. Qe2 Qd8 39.
Qf1 f5 40. Qe2 f4 41. Nd2 Kh6 42. Nf3 Qd6 43. Bc4 Bd7 44. Qd3 c5 45. Bb5
Bc8 46. Qe2 g5 47. Nxd4 cxd4 48. Qc4 Be6 49. Qe2 Qc5 50. Be8 g4 51. Qa6 Qc8
52. Qxc8 Bxc8 53. hxg4 Bxg4 54. Bb5 Bd1 55. Bd3 f3 56. g3 Be2 57. Kh2 Kg5
58. Kh3 Bd1 59. Kh2 Kg4 60. Kg1 Be2 61. Kh2 Bd1 62. Kg1 Be2 63. Kh2 h4 64.
gxh4 Kxh4 65. Kg1 Kg5 66. Kh2 Kg4 67. Kg1 Kf4 68. Kh2 Kg4 69. Kg1 Kh3 70.
Kh1 Kh4 71. Kh2 1/2-1/2

[Event "Spanish Championship"]
[Site "Las Palmas Gran Canaria"]
[Date "2017.10.07"]
[Round "9"]
[White "Rey Malde, Henrique"]
[Black "Brito Garcia, Alfredo"]
[Result "1-0"]
[BlackTitle "IM"]
[WhiteElo "2184"]
[BlackElo "2351"]
[Board "19"]
[WhiteCountry "ESP"]
[WhiteFideId "2244969"]
[WhiteEloChange "14"]
[BlackCountry "ESP"]
[BlackFideId "2200520"]
[BlackEloChange "-14"]

1. e4 e5 2. Nf3 Nc6 3. Bb5 a6 4. Ba4 Nf6 5. d3 d6 6. c3 Bd7 7. O-O g6 8.
Re1 Bg7 9. Nbd2 O-O 10. Nf1 b5 11. Bc2 a5 12. Ng3 a4 13. h3 h6 14. d4 Re8
15. Be3 a3 16. b3 Kh7 17. Qd2 Qb8 18. Rad1 Bf8 19. Kh1 Na7 20. dxe5 dxe5
21. Nxe5 Rxe5 22. Bd4 Qe8 23. Bxe5 Qxe5 24. f4 Qd6 25. e5 Qxd2 26. Rxd2 Re8
27. Ree2 b4 28. c4 Be6 29. exf6 Bd6 30. f5 1-0

[Event "Spanish Championship"]
[Site "Las Palmas Gran Canaria"]
[Date "2017.10.07"]
[Round "9"]
[White "Perera Borrego, Maria Adela"]
[Black "Bernabeu Lopez, Carlos Javier"]
[Result "1/2-1/2"]
[WhiteTitle "WFM"]
[BlackTitle "FM"]
[WhiteElo "2140"]
[BlackElo "2335"]
[Board "20"]
[WhiteCountry "ESP"]
[WhiteFideId "22238255"]
[WhiteEloChange "5"]
[BlackCountry "ESP"]
[BlackFideId "2235366"]
[BlackEloChange "-5"]

1. d4 Nf6 2. Nf3 g6 3. g3 Bg7 4. Bg2 O-O 5. O-O d6 6. b3 Nc6 7. Bb2 e5 8.
dxe5 Ng4 9. Qd2 Ngxe5 10. c4 Re8 11. Nc3 Nd7 12. Nd5 Nf6 13. Ng5 Be6 14.
Nxe6 Rxe6 15. Rad1 Re8 16. Rfe1 Nxd5 17. Bxd5 Qe7 18. Bxg7 Kxg7 19. Bxc6
bxc6 20. Qd3 c5 21. Qc3+ Kg8 22. e4 f6 23. f4 Qg7 24. e5 fxe5 25. fxe5 Re6
26. Qf3 Rae8 27. Rd5 Rf8 28. Qg2 Qe7 29. Re2 Rf5 30. Qe4 Kg7 31. Qd3 Rfxe5
32. Qc3 Qf6 33. Rdxe5 Rxe5 34. Rxe5 dxe5 35. Qa5 Qb6 36. Qc3 Qd6 37. Qa5 a6
38. Kg2 h5 39. Qc3 Qc6+ 40. Kf2 Qf6+ 41. Ke2 e4 42. Qa5 Qd6 43. Qc3+ Qd4
44. Qa5 Qd3+ 45. Ke1 Qe3+ 46. Kf1 Qf3+ 47. Kg1 Qd1+ 48. Kg2 Qd6 49. Qc3+
Kh7 50. Qe3 Qe5 51. h4 Kg7 52. Kh3 Kf6 53. Kg2 Ke6 54. Kh3 Kd6 55. Qd2+ Kc6
56. Qe3 Kb7 57. a4 Kc6 58. Kg2 Kb6 59. Kh3 Qe6+ 60. Kg2 Qf5 61. Kh2 Qf3 62.
a5+ Kc6 63. Qxf3 exf3 64. Kg1 Kd6 65. Kf2 Ke5 66. Kxf3 Kd4 67. Kf4 Kc3 68.
Kg5 Kxb3 69. Kxg6 Kxc4 70. Kxh5 Kd5 71. Kg4 Ke4 72. h5 c4 73. h6 c3 74. h7
c2 75. h8=Q c1=Q 76. Qa8+ c6 77. Qxa6 Qd1+ 78. Kg5 1/2-1/2

[Event "Spanish Championship"]
[Site "Las Palmas Gran Canaria"]
[Date "2017.10.07"]
[Round "9"]
[White "Alshameary Puente, Ismael"]
[Black "Morales Araujo, Francisco Javier"]
[Result "1-0"]
[WhiteTitle "FM"]
[WhiteElo "2333"]
[BlackElo "2134"]
[Board "21"]
[WhiteCountry "ESP"]
[WhiteFideId "2225166"]
[WhiteEloChange "5"]
[BlackCountry "ESP"]
[BlackFideId "2265990"]
[BlackEloChange "-5"]

1. d4 f5 2. c4 Nf6 3. Nf3 g6 4. g3 Bg7 5. Bg2 O-O 6. O-O d6 7. Nc3 c6 8. b3
Qe8 9. Ba3 a5 10. Re1 Ne4 11. Nxe4 fxe4 12. Ng5 d5 13. f3 h6 14. Nh3 dxc4
15. fxe4 cxb3 16. Qxb3+ Qf7 17. e5 Qxb3 18. axb3 Rd8 19. e3 Be6 20. Nf4
Bxb3 21. Nxg6 e6 22. Reb1 a4 23. Be7 Na6 24. Bxd8 Rxd8 25. Nf4 Nc7 26. Bh3
c5 27. Rxb3 axb3 28. Bxe6+ Nxe6 29. Nxe6 c4 30. Rb1 Rc8 31. Nf4 Ra8 32. Kf2
Ra2+ 33. Kf3 Bf8 34. d5 Bb4 35. Ke4 Rd2 36. d6 c3 37. Rxb3 c2 38. Nd3 Rxd3
39. Kxd3 c1=Q 40. Rxb4 Qd1+ 41. Kc4 Qc2+ 42. Kd5 Kf8 43. Rh4 Qb3+ 44. Ke4
Qe6 45. Rf4+ Ke8 46. Rf6 Qg4+ 47. Rf4 Qe6 48. Rf6 Qc4+ 49. Kf5 h5 50. e4
Qe2 51. e6 Qf3+ 52. Kg5 Qe3+ 53. Kxh5 Qc5+ 54. Kg6 Qxd6 55. Kf5 Qc5+ 56.
Kg4 Qe5 57. Rf4 Qxe6+ 58. Kg5 Qe5+ 59. Kg6 b5 60. h4 Qc3 61. g4 b4 62. h5
Qe5 63. Rf5 Qxe4 64. g5 b3 65. h6 b2 66. h7 Qxf5+ 1-0

[Event "Spanish Championship"]
[Site "Las Palmas Gran Canaria"]
[Date "2017.10.07"]
[Round "9"]
[White "Iturbide Arnedo, Oscar"]
[Black "Herrera Reyes, Jose Antonio"]
[Result "0-1"]
[BlackTitle "FM"]
[WhiteElo "2111"]
[BlackElo "2323"]
[Board "22"]
[WhiteCountry "ESP"]
[WhiteFideId "2293994"]
[WhiteEloChange "-5"]
[BlackCountry "ESP"]
[BlackFideId "2274914"]
[BlackEloChange "5"]

1. e4 c5 2. Nf3 e6 3. d4 cxd4 4. Nxd4 a6 5. Nc3 Qc7 6. g3 b6 7. Bg2 Bb7 8.
O-O d6 9. f4 Nd7 10. Be3 Ngf6 11. Qe2 Be7 12. g4 h5 13. g5 Ng4 14. g6 O-O-O
15. gxf7 Nf8 16. a4 g5 17. Ndb5 axb5 18. Nxb5 Qb8 19. Bxb6 Bc6 20. Bd4 e5
21. Na7+ Kd7 22. Nxc6 Kxc6 23. Qa6+ Kd7 24. fxe5 Nxe5 25. Bxe5 dxe5 26.
Rad1+ Bd6 27. Rf6 Ke7 28. Rdf1 Bc5+ 29. Kh1 Rd6 30. Rxd6 Qxd6 31. Qa8 Qd8
32. Qc6 Ne6 33. b4 Qb6 34. Qd5 Bd4 35. b5 Nf4 36. Qc4 Qe6 37. Qxe6+ Kxe6
38. a5 Kxf7 39. Rb1 Ra8 40. b6 Rxa5 41. Bf1 Ra8 42. b7 Rb8 0-1

[Event "Spanish Championship"]
[Site "Las Palmas Gran Canaria"]
[Date "2017.10.07"]
[Round "9"]
[White "Alvarez Fernandez, Enrique"]
[Black "Collado Barbas, Laura"]
[Result "1-0"]
[WhiteTitle "FM"]
[BlackTitle "WFM"]
[WhiteElo "2314"]
[BlackElo "2097"]
[Board "23"]
[WhiteCountry "ESP"]
[WhiteFideId "2227398"]
[WhiteEloChange "4"]
[BlackCountry "ESP"]
[BlackFideId "2294907"]
[BlackEloChange "-4"]

1. d4 d5 2. c4 e6 3. Nc3 c6 4. e3 Nd7 5. Bd3 dxc4 6. Bxc4 b5 7. Bd3 Bb7 8.
Nf3 Ngf6 9. O-O a6 10. e4 c5 11. e5 Nd5 12. Ng5 cxd4 13. Nxe6 Qb6 14. Nxd5
Bxd5 15. Nf4 Be6 16. a4 b4 17. Be4 Rb8 18. a5 Qc5 19. Nxe6 fxe6 20. Qh5+
Kd8 21. Bf4 Be7 22. Qh3 g5 23. Bg3 h5 24. Qxe6 h4 25. Rfc1 Qa7 26. Rc6 hxg3
27. hxg3 d3 28. Rd1 Bc5 29. Rxd3 Bxf2+ 30. Kf1 Bd4 31. Rd6 Rf8+ 32. Bf5 Rb7
33. R3xd4 Kc8 34. Ke2 Rd8 35. Rxd7 Rbxd7 36. Rxd7 1-0

[Event "Spanish Championship"]
[Site "Las Palmas Gran Canaria"]
[Date "2017.10.07"]
[Round "9"]
[White "Jimenez Almeida, Luis David"]
[Black "Abreu Suarez, Isauro"]
[Result "1/2-1/2"]
[WhiteElo "2260"]
[BlackElo "2050"]
[Board "24"]
[WhiteCountry "ESP"]
[WhiteFideId "22242244"]
[WhiteEloChange "-5"]
[BlackCountry "ESP"]
[BlackFideId "2205734"]
[BlackEloChange "5"]

1. b3 e5 2. Bb2 d6 3. e3 Nd7 4. Nf3 Ngf6 5. d4 e4 6. Nfd2 d5 7. c4 c6 8.
Nc3 a6 9. Rc1 Bd6 10. Be2 O-O 11. g4 b5 12. cxd5 cxd5 13. h4 Bb7 14. Bf1
Bc8 15. Be2 Bb7 16. Bf1 Bc8 17. Be2 Bb7 18. Bf1 1/2-1/2